| 000 | 01635nam a2200205Ia 4500 | ||
|---|---|---|---|
| 003 | Ost | ||
| 005 | 20260507075110.0 | ||
| 008 | 260507s9999||||xx |||||||||||||| ||und|| | ||
| 040 | _cfsecg | ||
| 041 | _aara | ||
| 082 | _a330 | ||
| 100 |
_aالمصري، رفيق يونس _eمؤلف |
||
| 245 | 0 |
_aبيع التقسيط : _bتحليل فقهي اقتصادي / _c رفيق يونس المصري |
|
| 250 | _aطبعة 2 | ||
| 260 |
_aدمشق: _bدار القلم الدار الشامية, _c[دون تاريخ] |
||
| 300 |
_a180 صفحة؛ _c24 سم |
||
| 520 | _aفي هدا الكتاب القسم الاول : الزيادة للتأجيل 1/ تعريف بيع التقسيط وأهمية بحثه 2/حكم بيع التقسيط وحكمته 3/أداب البيع بالتقسيط 4/الرقابة الاقتصادية والائتمانية 5/تميز بيع التقسيط عن بعض البيوع الاخرى 6/ الاجل في بيع التقسيط 7/الزيادة في الثمن 8/رد على الشبهات الأراء المخالفة 9/ التاخر في سداد الأقساط أو التخلف 10/أربعة مبادئ مهمة كشف عنها بحث التقسيط القسم الثاني الحطيطة للتعجيل 1/ البيع بالتقسيط ونظرة الاسلالم الى المدينة 2/ حصم الاوراق المالية التجارية 3/ صنع وتعجل 4/ حلول الدين بالموت والافلاس والمماطلة ملاحــــــــــــــــــــــــــــق | ||
| 653 | _aبيع التقسيط | ||
| 942 | _cكتاب | ||
| 999 |
_c42881 _d42881 |
||